000 00726nam a2200229Ia 4500
003 OSt
005 20220923224108.0
006 a|||||r|||| 00| 0
007 ta
008 Pun
024 _a225,531
037 _cTextual
040 _aARTS
_cARTS
_bPun
041 _2Pun
_aPun
082 _aQ2:332xH93w, 153P24
100 _aਬੱਦਨ, ਬਲਦੇਵ ਸਿੰਘ, ਥਦ.
245 0 _aਭਗਤ ਰਵਿਦਾਸ ਬਾਣ ਿਤੇ ਵਿਚਾਰਧਾਰਾ
260 _aਜਲੰਧਰ
_b ਦੀਪਕ ਪਬਲੀFਰਗ਼
_c2002
300 _a296ਪੰ
_ccm.
942 _hQ2:332xH93w, 153P24
_cTEXL
_2CC
999 _c369169
_d369169